| 000 | 00780nam a2200193 i 4500 | ||
|---|---|---|---|
| 001 | 151855 | ||
| 003 | ES-MaACL | ||
| 005 | 20251005063118.0 | ||
| 008 | 931025s1871 sp |||| | spa d | ||
| 080 | _a336.132.1(460)(091) | ||
| 100 | 1 |
_aBenisia, Alejandro, _d1830-1886 _9125912 |
|
| 245 | 1 | 3 |
_aLa Caja General de Depósitos : _bbreves consideraciones sobre su pasado, su presente y su porvenir / _cpor Don Alejandro Benisia y Fernández de la Somera. |
| 260 |
_aMadrid : _b[s.n.], _c1871 ( _fJuan Aguado) |
||
| 300 |
_a21 p. ; _c24 cm. |
||
| 610 | 1 | 4 |
_aEspaña. _bCaja General de Depósitos. _9139724 |
| 852 | 4 |
_aES-MaACL _jT-112-F-12 _z- Enc. hol., falto de cub. original _z- Enc. en un vol. facticio |
|
| 852 | 4 |
_aES-MaACL _jT-154-F-13 |
|
| 999 |
_c151855 _d151855 |
||